| 000 | 00396nam a22001217a 4500 | ||
|---|---|---|---|
| 003 | OSt | ||
| 008 | 250120b |||||||| |||| 00| 0 eng d | ||
| 041 | _aeng | ||
| 100 |
_aWorld Energy Conference _96968 |
||
| 245 | _aDo No.8 WG 8C Thermal Generating Plant Availability Reporting System | ||
| 260 |
_aNew Delhi: _bOrganising Committe 12th Congress of the World Energy Conference, _c1983. |
||
| 942 | _cBK | ||
| 999 |
_c19081 _d19081 |
||